Mahabbah

Bibliographic Details
Main Author: Shahnon Ahmad Dato' , 1933-2017 (Author)
Format: Book
Language:Malay
Published: Kuala Lumpur : Dewan Bahasa dan Pustaka 2019
Edition:EDISI MALAYSIA MEMBACA
Subjects:

MARC

LEADER 00000cam a2200000 7i4500
001 0000140456
005 20210427.0
008 201014t20192019my x h may d
020 |a 9789834926045 
040 |a PERPUSTAM   |b eng   |c PERPUSTAM   |e rda 
090 0 0 |a 899.2333   |b SH 
100 1 |a Shahnon Ahmad   |c Dato' ,   |d 1933-2017 ,   |e author 
245 1 0 |a Mahabbah   |c Shahnon Ahmad 
250 |a EDISI MALAYSIA MEMBACA 
264 1 |a Kuala Lumpur :   |b Dewan Bahasa dan Pustaka   |c 2019 
264 4 |a ©2019 
300 |a 216 pages ;   |c 22 cm. 
336 |a text  |2 rdacontent 
337 |a unmediated  |2 rdamedia 
338 |a volume  |2 rdacarrier 
650 1 0 |a Malay fiction 
650 2 0 |a Government publications   |z Malaysia 
650 2 0 |a Malaysian fiction (Malay) 
999 |a 0000674810   |b Buku   |c Rak Terbuka   |e Perbadanan Perpustakaan Awam Melaka 
999 |a 0000674811   |b Buku   |c Rak Terbuka   |e Perpustakaan Cawangan Jasin 
999 |a 0000674812   |b Buku   |c Rak Terbuka   |e Perpustakaan Cawangan Masjid Tanah 
999 |a 0000674813   |b Buku   |c Rak Terbuka   |e Perpustakaan Cawangan Merlimau 
999 |a 0000674814   |b Buku   |c Rak Terbuka   |e Perbadanan Perpustakaan Awam Melaka 
999 |a 0000674815   |b Buku   |c Rak Terbuka   |e Perbadanan Perpustakaan Awam Melaka 
999 |a 0000674816   |b Buku   |c Rak Terbuka   |e Perpustakaan Komuniti UTC Melaka 
999 |a 0000674817   |b Buku   |c Rak Terbuka   |e Perbadanan Perpustakaan Awam Melaka 
999 |a 0000674818   |b Buku   |c Rak Terbuka   |e Perbadanan Perpustakaan Awam Melaka 
999 |a 0000674819   |b Buku   |c Rak Terbuka   |e Perbadanan Perpustakaan Awam Melaka 
999 |a 0000674820   |b Buku   |c Rak Terbuka   |e Perbadanan Perpustakaan Awam Melaka